| 000 | 00384nam a22001457a 4500 | ||
|---|---|---|---|
| 020 | _a0852263074 | ||
| 082 |
_222 _a688.9 |
||
| 100 | _aGowariker, V. R...[et al.]. | ||
| 245 | _aPolymer science / | ||
| 260 |
_aNew Delhi, _bInternational Publishers, _cc2006. |
||
| 300 |
_axv, 505 p. ; _bill. ; _c21 cm. |
||
| 700 | _aViswanthan, N. V. | ||
| 700 | _aSreedhar, Jayadev. | ||
| 942 |
_2ddc _cEE |
||
| 999 |
_c464 _d464 |
||